| 000 | 00675nam a2200217 u 4500 | ||
|---|---|---|---|
| 999 |
_c201573 _d201573 |
||
| 003 | UPN | ||
| 005 | 20250617063824.0 | ||
| 008 | 190307s2010 mx r 000 0 spa d | ||
| 035 | _aUPN01000229478 | ||
| 040 |
_aUPN _bspa _cUPN |
||
| 049 | _aF | ||
| 050 | 4 |
_aHQ799 M6 _bD4.4 |
|
| 245 | 0 | 0 |
_aDel discurso a la acción : _bconstruyendo ciudadanía en México a través del desarrollo positivo adolescente. |
| 260 |
_aMéxico : _bUNICEF, _c[2010?]. |
||
| 300 |
_a18 p. : _bil. col., mapas, gráfs. |
||
| 500 | _aDatos tomados de la cubierta | ||
| 650 | 4 |
_aAdolescentes _zMéxico _xCondiciones sociales _922381 |
|
| 905 | _aLibro | ||
| 942 |
_2lcc _cLIBRO |
||